000 02056cam a22002294i 4500
999 _c37942
_d37942
020 _a9780367187835 (pbk)
041 _aeng-
082 0 0 _a379.41
_bHAR-B
100 1 _aHargreaves, David H.
_eauthor.
245 1 0 _aBeyond schooling :
_ban anarchist challenge /
_cDavid H Hargreaves.
260 _anew york :
_bRoutledge,
_c2019.
300 _ax, 242p.
504 _aIncludes bibliographical references (pages 220-229) and index.
505 0 _aThe future of schooling : a distinctively different direction of travel -- Anarchism and the abolition of the State : an intention to murder, Russian-style -- Murdering the state, in American deschooler-style -- English-style anarchism : state murder by other means -- The state and schooling : some old and some new assailants -- Anarchist challenges to state schooling from the right, American-style -- State schooling versus community education -- Utopia and the remaking of social and educational systems -- Power and resistance in society and in education -- Paths to a new imaginary for education and schooling -- Education, not schooling : realising the new imaginary.
520 _a"Offering an anarchist perspective on State schooling in England and its centralisation from the late 1960s until the present day, this book proposes how the education of children and young people might be recaptured from the State as the country moves into a precarious future. With carefully considered chapters reflecting the common assumption that all is not well, this book paves the way to a fundamental reconsideration of schooling. Challenging the notions of full-time schooling and age-grading; anarchist schools and their relation to progressive schools are explored along with new modes of evaluation and accountability. A must-read book for anyone interested in the future of schooling."--
546 _aEnglish.
650 0 _aEducation and state
_zEngland.
650 0 _aAnarchism
_zEngland.
650 0 _aSchools
_xCentralization
_zEngland.
650 0 _aEducational change
_zEngland.
942 _2ddc
_cBK